Návrh na zlepšenie riadenia produktovej značky v spoločnosti HENKEL SLOVENSKO, spol. s r.o.

Saved in:
Bibliographic Details
Main Author: Mucska, Erik (Author)
Other Authors: Babčanová, Dagmar (Thesis advisor)
Format: Manuscript Book
Language:Slovak
Published: 2024
Subjects:
Online Access:http://is.stuba.sk/zp/portal_zp.pl?podrobnosti=179109
Tags: Add Tag
No Tags, Be the first to tag this record!

MARC

LEADER 00000ntm a22000003a 4500
001 stuzp94675
003 SK-STU
005 20240608210424.8
007 ta
008 150427s2015----xo-----f-mn---000-0-slo-d
040 |a STU  |b slo 
041 0 |a slo 
100 1 |a Mucska, Erik  |u 064000  |k Z4  |4 aut  |U MTF Materiálovotechnologická fakulta  |T MTF Ústav priemyselného inžinierstva a manažmentu  |X 85606  |U M4000  |Y 84  |7 85606 
242 0 1 |a Proposal for improving product brand management in HENKEL SLOVENSKO, spol. s r.o.  |y eng 
245 1 0 |a Návrh na zlepšenie riadenia produktovej značky v spoločnosti HENKEL SLOVENSKO, spol. s r.o. 
260 |c 2024 
650 4 |a marketing  |2 slo 
650 4 |a sociálne siete  |2 slo 
650 4 |a riadenie značky  |2 slo 
650 4 |a pracie prostriedky  |2 slo 
650 4 |a marketingová stratégia  |2 slo 
650 4 |a online marketing  |2 slo 
650 4 |a social media  |2 eng 
650 4 |a brand management  |2 eng 
650 4 |a detergents  |2 eng 
650 4 |a marketing strategy  |2 eng 
650 4 |a online marketing  |2 eng 
650 4 |a marketing  |2 eng 
700 1 |a Babčanová, Dagmar  |u 064000  |k Z1  |4 ths  |U MTF Materiálovotechnologická fakulta  |T MTF Ústav priemyselného inžinierstva a manažmentu  |X 2819  |U M4000  |Y 84  |7 A000002819 
856 4 |u http://is.stuba.sk/zp/portal_zp.pl?podrobnosti=179109 
996 |c M* DP-15393  |l MMSKP  |s P  |a 0  |w stuzp94675_0001